000 01285cam a22003377a 4500
003 CHAP
005 20220817043506.0
008 981105d1998 mx b r 00110 spa d
010 _a76608
011 _a77580
035 _a87189
040 _cCHAP
090 _aTesis
100 0 0 _aAltuzar Garcia, Marco Tulio.
_94709
245 1 0 _aPerspectivas de exportación de tuna de San Martín de las Pirámides, Edo. de México, dentro del TLCAN
_c/por Marco Tulio Altúzar García
260 _aChapingo, Méx. :
_bEl autor,
_c1998.
300 _a77 h. :
_bgráfs. ; mapas ; cuadros ; anexos
502 _aTesis (Lic. en Comercio Internacional de Productos Agropecuarios) -- UACH. División de Ciencias Económico-Administrativas
590 _aALEPH
_b10
_c20130110
_lUCH01
_h1426
590 _aBATCH-UPD
_b10
_c20130110
_lUCH01
_h1645
590 _aBATCH-UPD
_b10
_c20130410
_lUCH01
_h1035
590 _aBATCH-UPD
_b10
_c20130914
_lUCH01
_h2052
590 _aCONVERSION
_b10
_c20130109
_lUCH01
_h1342
650 1 4 _aTratado Trilateral de Libre Comercio.
650 1 4 _aTuna
_xExportación.
_9115551
901 _aBK
905 _aMa. del Socorro Iturbe C.
942 _cFOLL
949 _bBC
_cTES
_d33724000706065
_eTS2
_fc.2
_h33032
_i87189
_si
949 _bBC
_cTES
_d871891
_eTS1
_h33031
_i87189
_sb
999 _c76608
_d76608